Sparkling object lessons for children. (Record no. 9938)

000 -LEADER
fixed length control field 00564nam a2200181 a 4500
001 - CONTROL NUMBER
control field :::00007723$&:&@@
003 - CONTROL NUMBER IDENTIFIER
control field OkBaRHE
005 - DATE AND TIME OF LATEST TRANSACTION
control field 20110308183037.0
008 - FIXED-LENGTH DATA ELEMENTS--GENERAL INFORMATION
fixed length control field s1987 j 000 0 eng u
040 ## - CATALOGING SOURCE
Transcribing agency
100 1# - MAIN ENTRY--PERSONAL NAME
Personal name Bess, C. W.
245 10 - TITLE STATEMENT
Title Sparkling object lessons for children.
260 ## - PUBLICATION, DISTRIBUTION, ETC. (IMPRINT)
Place of publication, distribution, etc Grand Rapids, MI., :
Name of publisher, distributor, etc Baker Book House
Date of publication, distribution, etc 1987
300 ## - PHYSICAL DESCRIPTION
Extent 107 p. ;
Dimensions 19 cm.
650 ## - SUBJECT ADDED ENTRY--TOPICAL TERM
Topical term or geographic name as entry element Object-teaching
942 ## - ADDED ENTRY ELEMENTS (KOHA)
Source of classification or shelving scheme
Koha item type Books
Copies
Copy number Full call number Date acquired Price effective from Not for loan Lost status Permanent Location Source of classification or shelving scheme Shelving location Date last seen Withdrawn status Koha item type Barcode Damaged status
1BV 1535 .B442010-04-142010-04-14  RHEMA Bible Training College General Stacks2011-03-08 Books7723